Posse e ações protetivas : (Record no. 328)

MARC details
000 -LÍDER
Campo Fixo de Controle 00830cam a2200253 a 4500
001 - NÚMERO DE CONTROLE
Campo de Controle 328
003 - IDENTIFICAÇÃO DO NÚMERO DE CONTROLE
Campo de Controle BR-CuiBMT
005 - DATA E HORA DA ÚLTIMA ATUALIZAÇÃO
Campo de Controle 20231114134903.0
008 - DADOS FIXOS
Dados Fixos 231025s2011 mgb 001 0 por d
020 ## - INTERNATIONAL STANDARD BOOK NUMBER
Nº do ISBN 9788577004959
040 ## - AGÊNCIA CATALOGADORA
Código da Agência Catalogadora BR-CuiBMT
Agência que transcreveu o registro BR-CuiBMT
080 ## - Nº DA CLASSIFICAÇÃO DECIMAL UNIVERSAL
Nº edição CDU 2007
Nº Class. CDU 347.2
090 ## - NÚMERO DE CHAMADA
Nº classificação 347.2
Cutter O48p
100 1# - ENTRADA PRINCIPAL -- AUTOR PESSOAL
Nome pessoal Oliveira, Cláudio Teixeira de
245 10 - TÍTULO PRINCIPAL
Título principal Posse e ações protetivas :
Subtítulo análise pelos códigos civis de 2002 e de 1916 e pelo código de processo civil /
Indicação de responsabilidade Cláudio Teixeira de Oliveira.
260 ## - PUBLICAÇÃO, DISTRIBUIÇÃO, ETC.
Local de publicação Belo Horizonte :
Editora Fórum,
Data 2011.
300 ## - DESCRIÇÃO FÍSICA
N. páginas ou volumes 295 p. ;
Dimensões 21 cm
504 ## - NOTA DE BIBLIOGRAFIA, ETC.
Nota de bibliografia Inclui bibliografia e índice.
650 ## - ASSUNTO TÓPICO
Cabeçalho tópico ou nome geográfico Posse (Direito)
Subdivisão geográfica Brasil
650 ## - ASSUNTO TÓPICO
Cabeçalho tópico ou nome geográfico Direito civil
Subdivisão geral Posse
Subdivisão geográfica Brasil
650 ## - ASSUNTO TÓPICO
Cabeçalho tópico ou nome geográfico Ações protetivas
Subdivisão geral Direito Civil
650 ## - ASSUNTO TÓPICO
Cabeçalho tópico ou nome geográfico Direito processual civil
942 ## - ELEMENTOS DE ENTRADA ADICIONAIS (KOHA)
Fonte de classificação ou esquema de arquivamento Classificação Decimal Universal
Tipo de item do Koha Livros
Holdings
Estado: removido Estado: perdido Fonte de classificação ou esquema de arquivamento Estado: danificado Indisponível para empréstimo Localização permanente Localização atual Data de aquisição Total Checkouts Número de Chamada completo Código de barras Date last seen Número do exemplar Preço efetivo a partir de Tipo de item (Koha)
    Classificação Decimal Universal     Biblioteca da Escola Superior de Contas do TCE/MT Biblioteca da Escola Superior de Contas do TCE/MT 28/07/2023   347.2 O48p BIBTCEMT23100029 25/10/2023 Ex. 1 25/10/2023 Livros
    Classificação Decimal Universal     Biblioteca da Escola Superior de Contas do TCE/MT Biblioteca da Escola Superior de Contas do TCE/MT 28/07/2023   347.2 O48p BIBTCEMT23100049 31/10/2023 Ex. 2 31/10/2023 Livros

Powered by Koha